| 000 | 00915nam a2200289 a 4500 | ||
|---|---|---|---|
| 001 | 65144 | ||
| 003 | BD-RjUL | ||
| 005 | 20211209081406.0 | ||
| 008 | 170228s1977 njua b 001 0 eng d | ||
| 020 | _a0139394621 | ||
| 035 | _a(BD-RjUL)65274 | ||
| 040 |
_aDLC _cDLC _dDLC _dBD-RjUL _beng |
||
| 041 | _aeng | ||
| 082 | 0 | 0 |
_223 _a307.76 _bFOU 1977 |
| 100 | 1 |
_aFox, Richard Gabriel, _d1939- _9192949 |
|
| 245 | 1 | 0 |
_aUrban anthropology : _bcities in their cultural settings / _cRichard G. Fox. |
| 260 |
_aEnglewood Cliffs, N.J. : _bPrentice-Hall, _cc1977. |
||
| 300 |
_axii, 176 p. : _bill. ; _c23 cm. |
||
| 490 | 0 | _aPrentice-Hall series in anthropology | |
| 500 | _aIncludes index. | ||
| 504 | _aBibliography: p. 163-169. | ||
| 650 | 0 |
_aUrban anthropology _9170297 |
|
| 650 | 0 |
_aCities and towns. _9170575 |
|
| 830 |
_aPrentice-Hall series in anthropology _9192950 |
||
| 942 |
_2ddc _cBK |
||
| 999 |
_c65144 _d65144 |
||